Book Quiz: Little Women - Statistics

General Stats
  • This quiz has been taken 111 times
  • The average score is 7 of 10
Answer Stats
Question Answer % Correct
Alcott’s story begins with the four March girls: Meg, Jo, Beth, and Amy
100%
Jo inherits Plumfield, Aunt March’s house, and decides to turn it into a: A boys Borading school
93%
One dark day, the family receives a telegram saying that Mr. March is sick in the hospital in: Washington D.C
88%
The girls' mother Marmee encourages them to give away their breakfast to a poor family, the: Hummels
80%
Jo meets Professor Bhaer, a poor: German instructor
77%
During the introduction, Alcott prefaces Little Women with an excerpt from John Bunyan’s seventeenth-century work: The Pilgrim’s Progress
73%
The girls have various adventures. Amy is caught trading: Limes
71%
Jo gets a novel published, but she must cut it down in order to please her: Publishers
70%
Amy and Laurie have a daughter named Beth, who is: Sickly
48%
The girls’ father, who is serving as: A Union Chapman
25%
No matching quizzes found
Score Distribution
Percent of People with Each Score
Percentile by Number Answered
Your Score History
You have not taken this quiz